La Europa de las invasiones / (Record no. 81623)

MARC details
000 -LEADER
campo de control de longitud fija 00903nam a2200253 i 4500
001 - NÚMERO DE CONTROL
campo de control 81623
003 - IDENTIFICADOR DE NÚMERO DE CONTROL
campo de control ES-MaACL
005 - FECHA Y HORA DE LA ÚLTIMA TRANSACCIÓN
campo de control 20250812031812.0
007 - CAMPO FIJO DE DESCRIPCIÓN FÍSICA--INFORMACIÓN GENERAL
campo de control de longitud fija t|
008 - DATOS DE LONGITUD FIJA--INFORMACIÓN GENERAL
campo de control de longitud fija 041105s1968 sp ||||1| spa d
100 1# - ENTRADA PRINCIPAL--NOMBRE DE PERSONA
Nombre de persona Hubert, Jean.
9 (RLIN) 64500
245 13 - MENCIÓN DEL TÍTULO
Título La Europa de las invasiones /
Mención de responsabilidad, etc. Jean Hubert, Jean Porcher, Wolfgang F. Volbach ; traducción de Luis Hernández Alfonso.
260 ## - PUBLICACIÓN, DISTRIBUCIÓN, ETC.
Lugar de publicación, distribución, etc. [Madrid] :
Nombre del editor, distribuidor, etc. Aguilar,
Fecha de publicación, distribución, etc. [1968]
300 ## - DESCRIPCIÓN FÍSICA
Extensión XIV, 394 p., 45 lám. :
Otras características físicas il. col. y n., mapas col. ;
Dimensiones 28 cm.
490 1# - MENCIÓN DE SERIE
Mención de serie El universo de las formas
650 #7 - PUNTO DE ACCESO ADICIONAL DE MATERIA--TÉRMINO DE MATERIA
Término de materia o nombre geográfico como elemento de entrada Arte medieval
Fuente del encabezamiento o término embne
9 (RLIN) 135618
651 #4 - PUNTO DE ACCESO ADICIONAL DE MATERIA--NOMBRE GEOGRÁFICO
Nombre geográfico Roma-
Subdivisión general Historia-
Subdivisión cronológica S. III-VI (Invasiones bárbaras)
9 (RLIN) 146751
700 1# - ENTRADA AGREGADA--NOMBRE PERSONAL
Nombre de persona Porcher, Jean.
9 (RLIN) 93121
700 1# - ENTRADA AGREGADA--NOMBRE PERSONAL
Nombre de persona Volbach, Wolfgang Fritz.
9 (RLIN) 115687
700 1# - ENTRADA AGREGADA--NOMBRE PERSONAL
Nombre de persona Hernández Alfonso, Luis.
9 (RLIN) 62874
830 1# - PUNTO DE ACCESO ADICIONAL DE SERIE-TÍTULO UNIFORME
Título uniforme El universo de las formas
9 (RLIN) 181490
852 ## - LOCALIZACIÓN
Ubicación ES-MaACL
Número de control de estantería E-6962
Holdings
Estatus retirado Estado de pérdida Estado de daño No para préstamo Biblioteca de origen Biblioteca actual Ubicación en estantería Fecha de adquisición Fuente de adquisición Total de préstamos Signatura topográfica completa Código de barras Visto por última vez Precio de reemplazo Tipo de ítem Koha
        Biblioteca del Ateneo de Madrid Biblioteca del Ateneo de Madrid Depósito 2 17/01/2008     E-6962 1085318 23/02/2023 23/02/2023 Libro impreso